[Event "NW Regional Scholastic Championships"]
[Site "Chess.com"]
[Date "2020.05.16"]
[Round "?"]
[White "janlorenz"]
[Black "George_Zhao"]
[Result "0-1"]
[WhiteElo "1085"]
[BlackElo "1000"]
[PlyCount "66"]
[EventDate "2020.??.??"]

1. e4 e5 2. Nf3 Nc6 3. Bc4 Nf6 4. Ng5 d5 5. exd5 Nxd5 6. Nxf7 Kxf7 7. Qf3+ Ke8
8. Bxd5 Qd6 9. O-O Nd4 10. Qe4 g6 11. Re1 Bf5 12. Qxe5+ Qxe5 13. Rxe5+ Kd8 14.
a4 Nxc2 15. Ra2 Nb4 16. Ra1 Nd3 17. Re3 Nxc1 18. Bxb7 Rb8 19. Bc6 Bc5 20. Re8+
Rxe8 21. Bxe8 Kxe8 22. Nc3 Nb3 23. Re1+ Kd8 24. Re5 Bb4 25. Rd5+ Kc8 26. Nb5 a6
27. Na7+ Kb7 28. Rd7 Bxd7 29. Nb5 Bxb5 30. axb5 axb5 31. d4 Nxd4 32. b3 Ra8 33.
Kh1 Ra1# 0-1

[Event "NW Regional Scholastic Championships"]
[Site "Chess.com"]
[Date "2020.05.16"]
[Round "?"]
[White "Aaronyalun"]
[Black "George_Zhao"]
[Result "1-0"]
[WhiteElo "1265"]
[BlackElo "1000"]
[PlyCount "67"]
[EventDate "2020.??.??"]

1. e4 e5 2. Nf3 Nc6 3. Bc4 h6 4. O-O Nf6 5. c3 Bc5 6. d4 exd4 7. cxd4 Bb4 8. e5
Ne4 9. a3 Be7 10. Re1 d5 11. Bb5 O-O 12. Nc3 Nxc3 13. bxc3 Bg4 14. h3 Bh5 15.
Qd3 Bxf3 16. Qxf3 a6 17. Bd3 b5 18. Qg4 Bg5 19. e6 fxe6 20. Qxe6+ Rf7 21. Qxc6
Rf6 22. Qc5 Qd7 23. Bxg5 hxg5 24. Re7 Qd8 25. Qxc7 Qxc7 26. Rxc7 Kf8 27. Re1 a5
28. Bxb5 Rb8 29. Rc5 Rfb6 30. Bc6 Rb2 31. Rxa5 R8b3 32. Bxd5 Rxc3 33. Rc5 Rxa3
34. Rc8# 1-0

[Event "NW Regional Scholastic Championships"]
[Site "Chess.com"]
[Date "2020.05.16"]
[Round "?"]
[White "George_Zhao"]
[Black "tattvache"]
[Result "1-0"]
[WhiteElo "1000"]
[BlackElo "989"]
[PlyCount "119"]
[EventDate "2020.??.??"]

1. e4 e5 2. Nf3 Nc6 3. Nc3 Nf6 4. Bc4 Bc5 5. d3 d6 6. Bg5 O-O 7. Nd5 Be6 8.
Nxf6+ gxf6 9. Bxe6 fxe6 10. Bh6 Rf7 11. Nd2 Re7 12. Qg4+ Kf7 13. Qg7+ Ke8 14.
Qf8+ Kd7 15. Qxf6 Kc8 16. Bf8 Re8 17. Qh6 Rxf8 18. Qxh7 Qf6 19. a3 Qxf2+ 20.
Kd1 Qxg2 21. Re1 Qg4+ 22. Kc1 Bf2 23. Rd1 Qg8 24. Qh5 Be3 25. Qe2 Bxd2+ 26.
Rxd2 Qg1+ 27. Rd1 Qg5+ 28. Rd2 Nd4 29. Qd1 Kd7 30. a4 Rae8 31. c3 Nb3+ 32. Qxb3
Rf1+ 33. Kc2 b6 34. Qb5+ c6 35. Qa6 Rxa1 36. Qxa7+ Kd8 37. Qxb6+ Ke7 38. Qc7+
Kf8 39. Rf2+ Kg8 40. Qf7+ Kh8 41. Qxe8+ Kh7 42. Rf7+ Kh6 43. Qh8+ Kg6 44. Rg7+
Kf6 45. Rxg5+ Kxg5 46. Qe8 Rxa4 47. Qxe6 Kf4 48. Qxd6 Ke3 49. Qxe5 Ke2 50. Qh5+
Ke3 51. Qc5+ Ke2 52. Qxc6 Ra1 53. Qh6 Rd1 54. Qh5+ Kf2 55. Qxd1 Kg2 56. Kd2 Kf2
57. Qe2+ Kg1 58. Ke3 Kh1 59. Kf3 Kg1 60. Qg2# 1-0

[Event "NW Regional Scholastic Championships"]
[Site "Chess.com"]
[Date "2020.05.16"]
[Round "?"]
[White "George_Zhao"]
[Black "AlexaBattleAngel"]
[Result "0-1"]
[WhiteElo "1000"]
[BlackElo "1146"]
[PlyCount "88"]
[EventDate "2020.??.??"]

1. e4 Nf6 2. e5 Nd5 3. Nf3 d6 4. exd6 exd6 5. Qe2+ Ne7 6. d4 d5 7. Nc3 g6 8.
Qe5 Rg8 9. Bg5 Bg7 10. Qe3 Be6 11. Nxd5 Bxd5 12. Bh6 Bxf3 13. gxf3 Bxh6 14.
Qxh6 Rh8 15. Qg7 Kd7 16. Qxf7 Qf8 17. Qd5+ Nxd5 18. Bh3+ Kd8 19. Rd1 Qxf3 20.
Kd2 Qxh3 21. Rhe1 Qh6+ 22. Kd3 Nf4+ 23. Kc3 Nd5+ 24. Kc4 c6 25. Kc5 Qf8+ 26.
Kc4 Qb4+ 27. Kd3 Nf4+ 28. Ke4 Re8+ 29. Kf3 Rxe1 30. Rxe1 Qxe1 31. Kxf4 Nd7 32.
Kg5 Qxf2 33. Kh6 Qg2 34. Kxh7 g5 35. Kg7 g4 36. Kf7 g3 37. hxg3 Qxg3 38. Ke6 c5
39. Kf7 Qe3 40. Kg7 Qf3 41. Kg6 Ke7 42. Kg5 Rg8+ 43. Kh4 Qg3+ 44. Kh5 Qh3# 0-1

[Event "NW Regional Scholastic Championships"]
[Site "Chess.com"]
[Date "2020.05.16"]
[Round "?"]
[White "wjkang"]
[Black "George_Zhao"]
[Result "1-0"]
[WhiteElo "975"]
[BlackElo "1000"]
[PlyCount "61"]
[EventDate "2020.??.??"]

1. e4 e5 2. Nf3 Nc6 3. Bc4 Nf6 4. Ng5 Rg8 5. Bxf7+ Ke7 6. Bxg8 Ke8 7. Bc4 Bc5
8. Nc3 d6 9. d3 Bg4 10. f3 Bd7 11. Nd5 Nxd5 12. exd5 Nd4 13. Nxh7 Qh4+ 14. g3
Qh6 15. Bxh6 gxh6 16. Nf6+ Ke7 17. Nxd7 Kxd7 18. f4 Nf5 19. Qg4 Bb4+ 20. c3 Bc5
21. Qxf5+ Ke7 22. Qh7+ Kf6 23. Qxh6+ Kf7 24. Qh7+ Kf6 25. fxe5+ dxe5 26. Qxc7
Bb6 27. Rf1+ Kg5 28. Qe7+ Kg6 29. Rf6+ Kg5 30. Qxe5+ Kg4 31. Qf5# 1-0

[Event "NW Regional Scholastic Championships"]
[Site "Chess.com"]
[Date "2020.05.16"]
[Round "?"]
[White "Deng20"]
[Black "portland_potter"]
[Result "1/2-1/2"]
[WhiteElo "1000"]
[BlackElo "1274"]
[PlyCount "87"]
[EventDate "2020.??.??"]

1. e4 c5 2. Nf3 d6 3. Bb5+ Bd7 4. Bxd7+ Nxd7 5. O-O Ngf6 6. Nc3 e6 7. d3 Be7 8.
h3 O-O 9. Be3 Qc7 10. d4 cxd4 11. Bxd4 e5 12. Be3 Nc5 13. Bxc5 dxc5 14. Nd5
Nxd5 15. exd5 e4 16. d6 Qxd6 17. Qxd6 Bxd6 18. Ng5 Rfe8 19. Rfd1 Bf4 20. h4 e3
21. fxe3 Bxe3+ 22. Kf1 Rac8 23. Re1 Rc6 24. Re2 Rf6+ 25. Nf3 Rfe6 26. Ng5 Bxg5
27. Rxe6 Rxe6 28. hxg5 Re5 29. Re1 Rf5+ 30. Kg1 h6 31. Re2 Rxg5 32. Re7 Rd5 33.
Rxb7 Rd2 34. Rxa7 Rxc2 35. b3 c4 36. bxc4 Rxc4 37. Ra8+ Kh7 38. Kf2 Rf4+ 39.
Kg3 Rf6 40. Rc8 Rg6+ 41. Kf3 Rf6+ 42. Kg3 Rg6+ 43. Kf3 Rf6+ 44. Kg3 1/2-1/2

[Event "NW Regional Scholastic Championships"]
[Site "Chess.com"]
[Date "2020.05.16"]
[Round "?"]
[White "subramanyamsripada"]
[Black "Deng20"]
[Result "1-0"]
[WhiteElo "1475"]
[BlackElo "1000"]
[PlyCount "109"]
[EventDate "2020.??.??"]

1. d4 d5 2. Bf4 Nc6 3. e3 Nf6 4. c4 dxc4 5. Bxc4 Bf5 6. Nc3 e6 7. Nf3 Bb4 8.
O-O O-O 9. Re1 h6 10. Qb3 g5 11. Bg3 h5 12. h3 h4 13. Bh2 g4 14. Ne5 Nxe5 15.
dxe5 Ne4 16. Qxb4 g3 17. Nxe4 gxh2+ 18. Kxh2 Bxe4 19. f3 Bc2 20. Be2 Qg5 21.
Qg4 Qxg4 22. fxg4 Kg7 23. Rac1 Be4 24. Rxc7 b6 25. Bf3 Bxf3 26. gxf3 Rfc8 27.
Rec1 Rxc7 28. Rxc7 Rf8 29. Rxa7 Rd8 30. f4 Rd2+ 31. Kg1 Rd1+ 32. Kf2 Rd2+ 33.
Kf3 Kg6 34. b3 f5 35. Ra6 fxg4+ 36. Kxg4 Rb2 37. Rxb6 Rxa2 38. Rxe6+ Kf7 39. f5
Re2 40. Kf4 Rg2 41. b4 Rg3 42. Rg6 Rxh3 43. Rg1 Rh2 44. e6+ Kf6 45. Rg6+ Ke7
46. Rg7+ Kf6 47. Rg6+ Ke7 48. Rg7+ Kf8 49. e7+ Ke8 50. f6 h3 51. Rg8+ Kf7 52.
e8=Q+ Kxf6 53. Rf8+ Kg7 54. Qf7+ Kh6 55. Rh8# 1-0

[Event "NW Regional Scholastic Championships"]
[Site "Chess.com"]
[Date "2020.05.16"]
[Round "?"]
[White "cdview"]
[Black "Deng20"]
[Result "0-1"]
[WhiteElo "1000"]
[BlackElo "1000"]
[PlyCount "30"]
[EventDate "2020.??.??"]

1. e4 e5 2. Nf3 Nc6 3. Nc3 Bc5 4. Bb5 a6 5. Bxc6 dxc6 6. Nxe5 Qd4 7. Qh5 Qxf2+
8. Kd1 g6 9. Qg4 Bxg4+ 10. Nxg4 Qxg2 11. Re1 Qxg4+ 12. Re2 Nf6 13. e5 Nh5 14.
Ne4 Nf4 15. Nf2 Qxe2# 0-1

[Event "NW Regional Scholastic Championships"]
[Site "Chess.com"]
[Date "2020.05.16"]
[Round "?"]
[White "Deng20"]
[Black "ChessAlliance"]
[Result "0-1"]
[WhiteElo "1000"]
[BlackElo "1362"]
[PlyCount "120"]
[EventDate "2020.??.??"]

1. e4 e5 2. Nf3 Nc6 3. Bc4 Nf6 4. Nc3 Nxe4 5. Nxe4 d5 6. d3 dxc4 7. dxc4 Qxd1+
8. Kxd1 Bg4 9. h3 Bh5 10. g4 Bg6 11. Nc5 O-O-O+ 12. Bd2 Bxc5 13. h4 Nb4 14. c3
Nc6 15. h5 Be4 16. Rh3 Bxf2 17. Ke2 Bb6 18. Bg5 f6 19. Be3 Bxe3 20. Kxe3 Bxf3
21. Kxf3 Rhe8 22. Ke4 g6 23. hxg6 hxg6 24. b4 Ne7 25. Rh7 f5+ 26. gxf5 Nxf5 27.
b5 Ng3+ 28. Ke3 e4 29. c5 Nf5+ 30. Kf4 e3 31. Rhh1 e2 32. Rhe1 Rd7 33. a4 Rde7
34. Ra2 Nh4 35. Kg3 Nf5+ 36. Kf4 Re4+ 37. Kf3 Re3+ 38. Kg4 R8e4+ 39. Kg5 Nh4
40. Raa1 Ng2 41. Rg1 e1=Q 42. Rgxe1 Rxe1 43. Rxe1 Rxe1 44. Kxg6 Rc1 45. a5 Rxc3
46. b6 a6 47. bxc7 Kxc7 48. Kf6 Rxc5 49. Ke6 Rxa5 50. Ke7 Rc5 51. Ke6 b5 52.
Kf6 b4 53. Kg6 b3 54. Kf6 b2 55. Kg6 b1=Q+ 56. Kg7 Qf5 57. Kh6 Qg5+ 58. Kh7 Rc3
59. Kh8 Rg3 60. Kh7 Qg7# 0-1

[Event "NW Regional Scholastic Championships"]
[Site "Chess.com"]
[Date "2020.05.16"]
[Round "?"]
[White "Kaysangodman"]
[Black "Deng20"]
[Result "0-1"]
[WhiteElo "1200"]
[BlackElo "1000"]
[PlyCount "150"]
[EventDate "2020.??.??"]

1. e4 e5 2. Nf3 Nc6 3. Bc4 Nf6 4. d3 Bc5 5. Nc3 O-O 6. Bg5 h6 7. Bxf6 Qxf6 8.
Qe2 d6 9. Nd5 Qd8 10. O-O Be6 11. a3 Bxd5 12. Bxd5 Nd4 13. Nxd4 Bxd4 14. c3 Bb6
15. a4 a5 16. b4 axb4 17. cxb4 Bd4 18. Rac1 Rxa4 19. Rc4 b5 20. Rcc1 Rxb4 21.
Qg4 Qg5 22. Qxg5 hxg5 23. Kh1 Rc8 24. g3 c5 25. f4 exf4 26. gxf4 g4 27. Rg1
Bxg1 28. Rxg1 c4 29. dxc4 bxc4 30. Rxg4 Rcb8 31. Kg2 Rb2+ 32. Kg3 R8b3+ 33. Kh4
Rxh2+ 34. Kg5 Rbh3 35. f5 Rh5+ 36. Kf4 c3 37. Bb3 g5+ 38. Rxg5+ Rxg5 39. Kxg5
c2 40. Bxc2 Rg2+ 41. Kf6 Rxc2 42. e5 d5 43. e6 fxe6 44. Kxe6 Rd2 45. f6 Kf8 46.
f7 d4 47. Kd5 d3 48. Kd4 Rd1 49. Ke3 d2 50. Ke2 Rf1 51. Kxd2 Rxf7 52. Ke3 Ke7
53. Ke4 Ke6 54. Kd4 Rf5 55. Ke4 Kf6 56. Kd4 Re5 57. Kd3 Kf5 58. Kd4 Kf4 59. Kd3
Re4 60. Kc3 Ke5 61. Kd3 Kd5 62. Kc3 Rd4 63. Kc2 Ke4 64. Kc3 Ke3 65. Kc2 Rd3 66.
Kb2 Kd4 67. Kc2 Kc4 68. Kb2 Rc3 69. Kb1 Kd3 70. Kb2 Kd2 71. Kb1 Rc2 72. Ka1 Kc3
73. Kb1 Kb3 74. Ka1 Re2 75. Kb1 Re1# 0-1

[Event "NW Regional Scholastic Championships"]
[Site "Chess.com"]
[Date "2020.05.16"]
[Round "?"]
[White "knightseu"]
[Black "voldemort093"]
[Result "1-0"]
[WhiteElo "1244"]
[BlackElo "1019"]
[PlyCount "51"]
[EventDate "2020.??.??"]

1. e4 c5 2. Nc3 Nc6 3. g3 g6 4. Bg2 Bg7 5. f4 d6 6. Nf3 Nf6 7. O-O Bd7 8. d3
Qb6 9. Re1 c4+ 10. Be3 Qa6 11. d4 Bg4 12. h3 Bxf3 13. Qxf3 O-O 14. g4 Nd7 15.
Rad1 Nb4 16. Qe2 Nxa2 17. Qd2 Nxc3 18. Qxc3 Nc5 19. Qd2 Nd7 20. f5 Rac8 21. Bh6
Rfd8 22. e5 dxe5 23. dxe5 Nxe5 24. Qxd8+ Rxd8 25. Rxd8+ Bf8 26. Rxf8# 1-0

[Event "NW Regional Scholastic Championships"]
[Site "Chess.com"]
[Date "2020.05.16"]
[Round "?"]
[White "voldemort093"]
[Black "advaitwahi"]
[Result "1-0"]
[WhiteElo "1019"]
[BlackElo "1200"]
[PlyCount "99"]
[EventDate "2020.??.??"]

1. d4 d5 2. c4 c6 3. Nc3 Nf6 4. Nf3 Bg4 5. e3 Nbd7 6. h3 Bxf3 7. Qxf3 e6 8. Bd3
Bb4 9. Bd2 O-O 10. O-O Qc7 11. a3 Bd6 12. Rfe1 Bh2+ 13. Kh1 Bd6 14. c5 Be7 15.
e4 dxe4 16. Nxe4 h6 17. Nxf6+ Nxf6 18. Qg3 Qxg3 19. fxg3 Rad8 20. Bc3 Bxc5 21.
dxc5 Rxd3 22. Kh2 Ne4 23. Rxe4 Rfd8 24. Ree1 R8d5 25. Bb4 Rg5 26. g4 h5 27.
gxh5 Rxh5 28. g3 Rf5 29. Rf1 Rg5 30. g4 Rgd5 31. Rf2 Re5 32. Raf1 Ree3 33. Kg1
Rxh3 34. Rh2 Rhe3 35. Bd2 Re4 36. Rg2 Red4 37. Rff2 Rd5 38. Bc3 Rd1+ 39. Kh2
R1d3 40. g5 Rd1 41. g6 Rh5+ 42. Kg3 Rd3+ 43. Rf3 Rdd5 44. gxf7+ Kf8 45. Bxg7+
Kxg7 46. f8=Q+ Kh7 47. Qf7+ Kh8 48. Qxh5+ Rxh5 49. Kf2 Rh7 50. Rf8# 1-0

[Event "NW Regional Scholastic Championships"]
[Site "Chess.com"]
[Date "2020.05.16"]
[Round "?"]
[White "MxC2031"]
[Black "voldemort093"]
[Result "1-0"]
[WhiteElo "1311"]
[BlackElo "1019"]
[PlyCount "83"]
[EventDate "2020.??.??"]

1. e4 c5 2. c3 Nc6 3. d4 cxd4 4. cxd4 e6 5. Nc3 g6 6. Nf3 Bg7 7. g3 d6 8. Bg2
Nf6 9. O-O O-O 10. Bf4 Nh5 11. Be3 Bd7 12. Qd2 Re8 13. Bh6 Nf6 14. Bxg7 Kxg7
15. e5 dxe5 16. dxe5 Ng8 17. Ne4 Qc7 18. Qg5 Qd8 19. Qf4 Nce7 20. Nd6 Rf8 21.
Nxb7 Qb6 22. Nd6 Qxb2 23. Nd4 Rab8 24. Nb3 Qc3 25. Rfc1 Qb4 26. Qxb4 Rxb4 27.
Rc7 Ba4 28. Rxe7 Nxe7 29. Nc5 Rd8 30. Ncb7 Rb8 31. a3 Rb6 32. f4 Bc6 33. Bxc6
Nxc6 34. Nc5 Rb1+ 35. Rxb1 Rxb1+ 36. Kg2 Rb2+ 37. Kh3 Rc2 38. Nd7 Rd2 39. Ne8+
Kh6 40. Ndf6 Ra2 41. Ng8+ Kh5 42. g4# 1-0

[Event "NW Regional Scholastic Championships"]
[Site "Chess.com"]
[Date "2020.05.16"]
[Round "?"]
[White "voldemort093"]
[Black "cdview"]
[Result "1-0"]
[WhiteElo "1019"]
[BlackElo "1000"]
[PlyCount "111"]
[EventDate "2020.??.??"]

1. d4 d5 2. c4 e6 3. Nc3 Nc6 4. e3 Nf6 5. Qb3 Bb4 6. a3 Bxc3+ 7. Qxc3 Bd7 8.
Nf3 O-O 9. Bd3 h6 10. O-O a6 11. Ne5 Nxe5 12. dxe5 Ne4 13. Bxe4 dxe4 14. b4 Bc6
15. Bb2 Qg5 16. f4 Qg4 17. h3 Qg3 18. Qb3 Bd7 19. Bc3 Qh4 20. Be1 Qh5 21. Kh2
Qe2 22. Rf2 Qh5 23. Rd1 Bc6 24. Rc1 Rad8 25. Rd2 Rxd2 26. Bxd2 Qe2 27. Qd1 Qxd1
28. Rxd1 Rd8 29. Kg1 Ba4 30. Rc1 Rxd2 31. Rc3 b5 32. c5 c6 33. Kh2 Rd1 34. Kg3
Rf1 35. h4 Bd1 36. Kh3 Rh1+ 37. Kg3 Kh7 38. Rc1 Rg1 39. Kf2 Rh1 40. g3 f5 41.
Kg2 Kg6 42. Kxh1 Bh5 43. Kh2 Bf3 44. Rc2 Bd1 45. Rd2 Bf3 46. Rd6 Kf7 47. Rxc6
Be2 48. Rxa6 Bf1 49. Kg1 Bc4 50. Rd6 Ke7 51. c6 Kf7 52. c7 Kg6 53. c8=Q Be2 54.
Qxe6+ Kh7 55. Qg6+ Kg8 56. Rd8# 1-0

[Event "NW Regional Scholastic Championships"]
[Site "Chess.com"]
[Date "2020.05.16"]
[Round "?"]
[White "subramanyamsripada"]
[Black "voldemort093"]
[Result "1-0"]
[WhiteElo "1475"]
[BlackElo "1019"]
[PlyCount "45"]
[EventDate "2020.??.??"]

1. d4 d5 2. Bf4 Nc6 3. e3 Bf5 4. c4 dxc4 5. Bxc4 e6 6. Nc3 Nb4 7. Qa4+ Nc6 8.
Bb5 Nge7 9. Nf3 a6 10. Bxc6+ Nxc6 11. Ne5 b6 12. Nxc6 Qd7 13. Ne5 Qxa4 14. Nxa4
Bb4+ 15. Nc3 Be4 16. a3 Bxc3+ 17. bxc3 Bxg2 18. Rg1 Bb7 19. Rxg7 Kf8 20. Rxf7+
Ke8 21. Bg5 Rg8 22. Re7+ Kf8 23. Nd7# 1-0

[Event "NW Regional Scholastic Championships"]
[Site "Chess.com"]
[Date "2020.05.16"]
[Round "?"]
[White "SuprathikR"]
[Black "AidanVH"]
[Result "0-1"]
[WhiteElo "850"]
[BlackElo "1200"]
[PlyCount "102"]
[EventDate "2020.??.??"]

1. e4 e6 2. d4 d5 3. e5 c5 4. c3 Nc6 5. Nf3 Qb6 6. Be3 Qxb2 7. Nbd2 Qxc3 8. Rc1
Qa5 9. dxc5 Be7 10. Ra1 Bxc5 11. Bxc5 Qxc5 12. Be2 Nge7 13. O-O O-O 14. Nb3 Qb6
15. Qd3 Qc7 16. Ng5 Ng6 17. Bh5 Ncxe5 18. Qe3 h6 19. Bxg6 fxg6 20. Nf3 Nxf3+
21. gxf3 e5 22. Rac1 Qd7 23. Qxe5 Rxf3 24. Rc3 Rf5 25. Qe3 Rg5+ 26. Kh1 Qg4 27.
Qg3 Qe4+ 28. Kg1 Rxg3+ 29. Rxg3 b6 30. Re3 Qg4+ 31. Rg3 Qf5 32. Re3 Bb7 33.
Rfe1 d4 34. Rg3 Qd5 35. Kf1 d3 36. Rd1 Qh1+ 37. Rg1 Bg2+ 38. Ke1 Qxg1+ 39. Kd2
Qxf2+ 40. Kxd3 Rd8+ 41. Kc4 Rxd1 42. Kb5 Qe2+ 43. Ka4 Qc4+ 44. Ka3 Rd3 45. Kb2
Qc2+ 46. Ka3 Qc1+ 47. Kb4 a5+ 48. Kb5 Qc6+ 49. Ka6 Qa8+ 50. Kb5 Bc6+ 51. Kc4
Qa6# 0-1

[Event "NW Regional Scholastic Championships"]
[Site "Chess.com"]
[Date "2020.05.16"]
[Round "?"]
[White "thedarknist"]
[Black "SuprathikR"]
[Result "0-1"]
[WhiteElo "800"]
[BlackElo "850"]
[PlyCount "86"]
[EventDate "2020.??.??"]

1. e4 c5 2. Nc3 Nc6 3. Nf3 Nf6 4. Bc4 h6 5. d3 g6 6. O-O Bg7 7. Bf4 d6 8. Re1
O-O 9. Qd2 Kh7 10. Rad1 Bg4 11. h3 Be6 12. Bxe6 fxe6 13. e5 dxe5 14. Bxe5 Nxe5
15. Nxe5 Nd7 16. Ng4 h5 17. Ne3 Qe8 18. Nc4 Qf7 19. Ne4 b5 20. Na5 Bh6 21. Qc3
a6 22. d4 cxd4 23. Qxd4 Nf6 24. Nxf6+ Qxf6 25. Qd7 Qxf2+ 26. Kh1 Rae8 27. Qxe6
Qxc2 28. b3 Qxa2 29. Ra1 Qf2 30. Qxa6 Bd2 31. Rf1 Qg3 32. Qxb5 Bf4 33. Kg1 Qh2+
34. Kf2 Qg3+ 35. Ke2 Qe3+ 36. Kd1 Qd4+ 37. Kc2 Qe4+ 38. Kc3 Be5+ 39. Kd2 Bxa1
40. Rxf8 Rxf8 41. Nc4 Rf2+ 42. Kd1 Qe2+ 43. Kc1 Qc2# 0-1

[Event "NW Regional Scholastic Championships"]
[Site "Chess.com"]
[Date "2020.05.16"]
[Round "?"]
[White "SuprathikR"]
[Black "supersam777"]
[Result "1-0"]
[WhiteElo "850"]
[BlackElo "1374"]
[PlyCount "121"]
[EventDate "2020.??.??"]

1. e4 e5 2. Nf3 Nc6 3. Nc3 Nf6 4. Bc4 Bc5 5. d3 d6 6. Bg5 h6 7. Bh4 Bg4 8. h3
Bh5 9. Nd5 g5 10. Nxf6+ Qxf6 11. Bg3 Bxf3 12. Qxf3 Qxf3 13. gxf3 O-O 14. Rf1
Kh7 15. Rg1 f5 16. h4 f4 17. Bh2 Nd4 18. Rc1 Nxf3+ 19. Ke2 Nxg1+ 20. Rxg1 gxh4
21. Rg4 f3+ 22. Kf1 Bd4 23. c3 Bb6 24. b4 c5 25. a3 a5 26. b5 Rad8 27. Rxh4 Rf7
28. Bxf7 Rf8 29. Bd5 Kg6 30. Bg3 h5 31. Bxb7 Rb8 32. Bd5 a4 33. c4 Bd8 34. Rh1
Kg5 35. Ke1 Kg4 36. Be6+ Kg5 37. Bh4+ Kh6 38. Bxd8 Rxd8 39. Rg1 Rh8 40. Kd2 h4
41. Rh1 Kg5 42. Ke3 Kf6 43. Bg4 Kg5 44. Kxf3 Kg6 45. Bf5+ Kg5 46. Ke3 Kf6 47.
f4 exf4+ 48. Kxf4 Ke7 49. Kg4 Kf6 50. Rxh4 Rxh4+ 51. Kxh4 Ke5 52. Kg4 Kd4 53.
b6 Kxd3 54. b7 Kxc4 55. b8=Q d5 56. exd5 Kxd5 57. Qd8+ Kc4 58. Be6+ Kc3 59. Qd5
Kb2 60. Qxc5 Ka1 61. Qc1# 1-0

[Event "NW Regional Scholastic Championships"]
[Site "Chess.com"]
[Date "2020.05.16"]
[Round "?"]
[White "ethanc509"]
[Black "SuprathikR"]
[Result "1-0"]
[WhiteElo "1323"]
[BlackElo "850"]
[PlyCount "93"]
[EventDate "2020.??.??"]

1. e4 c5 2. Nf3 Nc6 3. Bc4 Nf6 4. Nc3 g6 5. O-O Bg7 6. d3 O-O 7. Bf4 d6 8. e5
dxe5 9. Nxe5 Nxe5 10. Bxe5 Ng4 11. Bxg7 Kxg7 12. Qf3 Qd6 13. Qg3 Qxg3 14. hxg3
Ne5 15. Bb3 Nc6 16. Rfe1 e6 17. Ba4 Nd4 18. Ne4 b5 19. Bb3 c4 20. dxc4 bxc4 21.
Ba4 Rb8 22. c3 Nf5 23. Rab1 Bb7 24. g4 Bxe4 25. Rxe4 Nd6 26. Rd4 Rfd8 27. b3
cxb3 28. Bxb3 Rbc8 29. Rbd1 Rc6 30. c4 Rcc8 31. Rxd6 Rxd6 32. Rxd6 Rc5 33. Rd7
Rg5 34. f3 Ra5 35. Rc7 a6 36. c5 Rb5 37. c6 Rc5 38. Kf2 Kf6 39. Ba4 Ke5 40.
Rxf7 h6 41. c7 Kd6 42. Rd7+ Ke5 43. Bb3 a5 44. Re7 Kd4 45. Rxe6 Rxc7 46. Rxg6
Rb7 47. Rxh6 1-0

[Event "NW Regional Scholastic Championships"]
[Site "Chess.com"]
[Date "2020.05.16"]
[Round "?"]
[White "SuprathikR"]
[Black "Playdohqueen"]
[Result "1/2-1/2"]
[WhiteElo "850"]
[BlackElo "1111"]
[PlyCount "89"]
[EventDate "2020.??.??"]

1. e4 e5 2. Nf3 Nc6 3. Nc3 Nf6 4. Bc4 Bc5 5. O-O O-O 6. d3 h6 7. b3 d6 8. h3 a6
9. Nd5 b5 10. Nxf6+ Qxf6 11. Bd5 Bb7 12. Bb2 Rad8 13. Qd2 Qg6 14. b4 Bxb4 15.
Bc3 Bxc3 16. Qxc3 b4 17. Qc4 Na5 18. Qxb4 Bxd5 19. Qxa5 Be6 20. Kh2 c6 21. Qxa6
Bd7 22. Rfb1 Ra8 23. Qb7 Rfd8 24. a4 Qe6 25. a5 Rdb8 26. Qxb8+ Rxb8 27. Rxb8+
Be8 28. a6 Kf8 29. a7 Qd7 30. a8=Q Qe7 31. Qxc6 h5 32. Raa8 g5 33. Rxe8+ Qxe8
34. Qxe8+ Kg7 35. Nxg5 Kh6 36. Nxf7+ Kg7 37. Qg8+ Kf6 38. Ra6 Ke7 39. Rxd6 h4
40. Qg6 Kf8 41. Rd8+ Ke7 42. Qg8 Ke6 43. f3 Kf6 44. Rd6+ Ke7 45. c4 1/2-1/2

[Event "NW Regional Scholastic Championships"]
[Site "Chess.com"]
[Date "2020.05.16"]
[Round "?"]
[White "JacksonCompton"]
[Black "SomersetOX"]
[Result "1/2-1/2"]
[WhiteElo "1628"]
[BlackElo "1000"]
[PlyCount "142"]
[EventDate "2020.??.??"]

1. e4 e5 2. Nf3 Nc6 3. Bb5 a6 4. Ba4 Nf6 5. O-O Be7 6. d3 b5 7. Bb3 O-O 8. c3
d5 9. Bg5 Bg4 10. h3 Bh5 11. d4 dxe4 12. g4 exf3 13. gxh5 Nxh5 14. Bxe7 Qxe7
15. Qxf3 Nf6 16. Qxc6 exd4 17. cxd4 Rfd8 18. Qg2 Rab8 19. Rd1 Qe2 20. Nc3 Qxb2
21. Rac1 Qa3 22. Qc6 Qe7 23. Qxa6 Qd7 24. Qa5 b4 25. Ne2 Rb5 26. Qa4 Rg5+ 27.
Ng3 Qxh3 28. Rxc7 Ne4 29. Rxf7 Kh8 30. Rd3 Nxg3 31. Rxg3 Rxg3+ 32. fxg3 Qxg3+
33. Kf1 Qd3+ 34. Kf2 Qxd4+ 35. Kg2 Qd2+ 36. Rf2 Qg5+ 37. Kf1 Qc1+ 38. Bd1 Qxd1+
39. Qxd1 Rxd1+ 40. Kg2 Rd8 41. Rb2 Rb8 42. a4 b3 43. a5 g6 44. a6 Ra8 45. Rxb3
Rxa6 46. Rb8+ Kg7 47. Rb7+ Kh6 48. Kg3 Ra3+ 49. Kg4 Ra4+ 50. Kh3 Kh5 51. Rb5+
g5 52. Rc5 h6 53. Rd5 Ra3+ 54. Kg2 Kh4 55. Rd2 g4 56. Kh2 h5 57. Kg2 Rg3+ 58.
Kh2 Rh3+ 59. Kg2 Rf3 60. Kh2 g3+ 61. Kg2 Rf2+ 62. Rxf2 gxf2 63. Kxf2 Kh3 64.
Kg1 Kg3 65. Kh1 h4 66. Kg1 Kf3 67. Kh1 h3 68. Kh2 Kg4 69. Kh1 Kg3 70. Kg1 h2+
71. Kh1 Kh3 1/2-1/2

[Event "NW Regional Scholastic Championships"]
[Site "Chess.com"]
[Date "2020.05.16"]
[Round "?"]
[White "SomersetOX"]
[Black "subramanyamsripada"]
[Result "1-0"]
[WhiteElo "1000"]
[BlackElo "1475"]
[PlyCount "97"]
[EventDate "2020.??.??"]

1. e4 e6 2. d4 d5 3. Nc3 dxe4 4. Nxe4 Bd7 5. Nf3 Bc6 6. Bd3 Nd7 7. O-O Ngf6 8.
Nxf6+ Nxf6 9. Bg5 Be7 10. Ne5 Bd5 11. c4 Bc6 12. Nxc6 bxc6 13. Qa4 Qd6 14. c5
Qd5 15. Bc4 Qd7 16. Rad1 Nd5 17. Bxe7 Nxe7 18. Rd2 Nd5 19. Bxd5 cxd5 20. c6 Qd6
21. b4 h5 22. b5 Ke7 23. Rb1 h4 24. h3 g5 25. Qd1 Rag8 26. Qg4 f5 27. Qe2 g4
28. hxg4 fxg4 29. Re1 h3 30. g3 h2+ 31. Kh1 Rg5 32. Rd3 Rhh5 33. Re3 Rg6 34.
Re5 Rhh6 35. Rf5 Qb4 36. Rf4 Rf6 37. Rxg4 Rh8 38. Qe5 Rf7 39. Qxe6+ Kd8 40. Rf4
Re7 41. Qxd5+ Ke8 42. Rxe7+ Qxe7 43. Re4 Qxe4+ 44. Qxe4+ Kd8 45. Qe5 Re8 46.
Qf6+ Kc8 47. Kxh2 Rd8 48. g4 Rh8+ 49. Qxh8# 1-0

[Event "NW Regional Scholastic Championships"]
[Site "Chess.com"]
[Date "2020.05.16"]
[Round "?"]
[White "SomersetOX"]
[Black "tedwpnw"]
[Result "0-1"]
[WhiteElo "1000"]
[BlackElo "1565"]
[PlyCount "96"]
[EventDate "2020.??.??"]

1. e4 c5 2. Nf3 Nc6 3. d4 cxd4 4. Nxd4 e5 5. Nxc6 bxc6 6. Nc3 Nf6 7. Bd3 Bb4 8.
O-O O-O 9. a3 Bxc3 10. bxc3 d5 11. exd5 cxd5 12. Re1 e4 13. Bf1 Bg4 14. Be2
Bxe2 15. Qxe2 Rc8 16. Bd2 Qd7 17. Rab1 Rfd8 18. Qa6 Rc6 19. Qb7 Rc7 20. Qb5 Qc8
21. Bf4 Rxc3 22. Rec1 Rxc2 23. Qb3 Rxc1+ 24. Rxc1 Qf5 25. Bc7 Rc8 26. Qb7 Qd7
27. Qxa7 Ne8 28. Qb6 Rxc7 29. Rxc7 Qxc7 30. Qb1 d4 31. h3 d3 32. Qe1 f5 33. Qa1
d2 34. Qa2+ Kf8 35. Qxd2 Qc5 36. Qb2 f4 37. Qb3 e3 38. fxe3 fxe3 39. Kf1 Qc1+
40. Ke2 Qd2+ 41. Kf3 e2 42. Qb5 e1=Q 43. Qc5+ Qe7 44. Qf5+ Kg8 45. a4 Qee2+ 46.
Kg3 Qxg2+ 47. Kh4 Qh6+ 48. Qh5 Qgg5# 0-1

[Event "NW Regional Scholastic Championships"]
[Site "Chess.com"]
[Date "2020.05.16"]
[Round "?"]
[White "ChessAlliance"]
[Black "SomersetOX"]
[Result "1-0"]
[WhiteElo "1362"]
[BlackElo "1000"]
[PlyCount "133"]
[EventDate "2020.??.??"]

1. c4 e5 2. Nc3 Nf6 3. g3 Nc6 4. Bg2 Bc5 5. e3 O-O 6. Nge2 d6 7. O-O Be6 8. d4
exd4 9. exd4 Bxc4 10. dxc5 dxc5 11. Bg5 Qxd1 12. Raxd1 b5 13. Bxc6 Rae8 14.
Bxe8 Rxe8 15. Rfe1 b4 16. Nb1 Bxe2 17. Rc1 Bb5 18. Rxe8+ Nxe8 19. Rd1 f6 20.
Be3 Nd6 21. a3 bxa3 22. Nxa3 Bc6 23. Bxc5 Nf5 24. Rd8+ Kf7 25. Rc8 Ke6 26. Rxc7
Kd5 27. Be3 Nxe3 28. fxe3 h6 29. Rxa7 g6 30. Ra5+ Ke4 31. Kf2 Bd5 32. Ra6 Kf5
33. Ra4 Bb3 34. Rf4+ Ke5 35. Kf3 Bd5+ 36. e4 Be6 37. Kf2 g5 38. Rf3 h5 39. h4
gxh4 40. gxh4 Bg4 41. Re3 Be6 42. b3 Kd4 43. b4 Bd7 44. Nc2+ Ke5 45. Rd3 Bc6
46. Re3 Bxe4 47. b5 Kf5 48. Nd4+ Ke5 49. Nf3+ Kf5 50. b6 Kf4 51. Rxe4+ Kxe4 52.
b7 Kd5 53. b8=Q Kc6 54. Qf8 Kd5 55. Qxf6 Kc4 56. Qf7+ Kd3 57. Qxh5 Kc3 58. Qd5
Kb4 59. Qc6 Kb3 60. Qc5 Kb2 61. Qc4 Kb1 62. Qe2 Kc1 63. Nd4 Kb1 64. Qd2 Ka1 65.
Ke3 Kb1 66. Qc2+ Ka1 67. Nb3# 1-0